LEADER 01085nam a2200265 i 4500 001 000000160479 003 CaOOAMICUS 005 20070324000000.0 008 070324s1990 it u000 u ita u 013 $a137842 020 $a88-215-2023-4 040 $aSeMil$bita 100 1 $aCanova, Francesco.$0(OLS)http://semarc/name/34461 245 13$aLa simpatia e il suo linguaggio /$cFrancesco Canova. 260 $aCinisello Balsamo (MI) :$bPaoline,$c1990. 300 $a73 p. ;$c20 cm. 490 0 $aI prismi : collana universale di psicologia e pedagogia ;$v21 650 4$aSimpatia - Concetto.$0(OLS)http://semarc/subject/16004 830 2$aI prismi ;$v21.$0(OLS)http://semarc/title/422962 850 $aSeMil 852 $aSeMil$W1$xVenegono$y1$m2O I 431$j111954$B111954$CSeMilBibl$Z2$F121986 $81 961 $aRecupero: Seminario di Seveso 996 $6020$a88-215-2023-4$9(OLS)http://semarc/number/76323 996 $6245$aLa simpatia e il suo linguaggio$9(OLS)http://semarc/title/143179 996 $6260$aCinisello Balsamo (MI) :$bPaoline$9(OLS)http://semarc/publisher/29714 LEADER 00741nam a2200193 i 4500 001 000000252053 003 CaOOAMICUS 005 20161213000000.0 008 161213s1999 it u000 u ita u 013 $a230958 040 $aSeMil$bita 245 10$aDiario. 300 $aVI, 1198 p. 773 0 $t1.9.1942-31.12.1942.$dRoma : Stato Maggiore dell'Esercito Ufficio Storico, 1999.$g1$w()12556 773 0 $tDiario storico del Comando supremo.$dRoma : Stato Maggiore dell'Esercito Ufficio Storico, 1986.$g8$w()33534 850 $aSeMil 852 $aSeMil$W1$xVenegono$y1$m3W II 8/1$j202399$B202399$CSeMilBibl$Z2$F216969 $81 961 $aOmaggio: Grampa dott. Cesare 996 $6245$aDiario$9(OLS)http://semarc/title/8985